00613nam a22002177a 450000500170000001000130001702000220003003500130005203700160006504000120008108200130009310000190010624500500012525000110017526000450018627000480023130000250027950000510030465000160035565000240037120170124110055.0 aA-408473 c39.00a0876924860 aA-408473 bCen Lib/Ret aDPLbEN a658bMAS aMassie, Joseph aEssentials of management /cby Joseph Massie  a4th ed aNew DelhibPrentice Hall of India c1987 bNew DelhiaM-97, connaught circuss e110001 axvi, 301p.c21cm(Hb) aIncludes bibliographical references and index  aManagement  aEssential concepts